[Event "Schweinfurt op 29th"]
[Site "Schweinfurt"]
[Date "2019.06.22"]
[Round "4"]
[White "Cebulla, Martin"]
[Black "Senft, Katharina"]
[Result "1/2-1/2"]
[WhiteElo "1716"]
[BlackElo "1503"]
[PlyCount "69"]
[EventDate "2019.06.20"]
[EventType "swiss"]
[EventRounds "7"]
[EventCountry "GER"]
[SourceTitle "CBM 191 Extra"]
[Source "ChessBase"]
[SourceDate "2019.09.30"]
[SourceVersion "1"]
[SourceVersionDate "2019.09.30"]
[SourceQuality "1"]

1. c4 e6 2. Nc3 Bb4 3. Nf3 Nf6 4. a3 Bxc3 5. dxc3 0-0 6. Bg5 d6 7. e4 e5 8. Qc2 b6 9. 0-0-0 Bb7 10. Nxe5 Bxe4 11. Qd2 Re8 12. Ng4 Nbd7 13. f3 Bf5 14. Qf4 Bxg4 15. fxg4 Qe7 16. Bd3 Qe5 17. Rhf1 Qxf4+ 18. Rxf4 h6 19. Bxf6 Nxf6 20. Rdf1 Re3 21. Kd2 Rae8 22. R1f2 R8e7 23. h3 Nd7 24. b4 R3e5 25. h4 Nf6 26. Bf5 Ne4+ 27. Bxe4 Rxe4 28. Kd3 Rxf4 29. Rxf4 Re5 30. Re4 f6 31. Kd4 Kf7 32. a4 Ke6 33. Rxe5+ fxe5+ 34. Ke4 c6 35. Ke3 1/2-1/2

[Event "Schweinfurt op 29th"]
[Site "Schweinfurt"]
[Date "2019.06.21"]
[Round "3"]
[White "Langguth, Rolf"]
[Black "Cebulla, Martin"]
[Result "1-0"]
[WhiteElo "1927"]
[BlackElo "1716"]
[PlyCount "101"]
[EventDate "2019.06.20"]
[EventType "swiss"]
[EventRounds "7"]
[EventCountry "GER"]
[SourceTitle "CBM 191 Extra"]
[Source "ChessBase"]
[SourceDate "2019.09.30"]
[SourceVersion "1"]
[SourceVersionDate "2019.09.30"]
[SourceQuality "1"]

1. c4 e5 2. Nc3 Nf6 3. d3 Nc6 4. Nf3 d5 5. cxd5 Nxd5 6. g3 g6 7. Bd2 Bg7 8. Qb3 Nb6 9. Bg2 0-0 10. 0-0 Bg4 11. Be3 Kh8 12. Qd1 Nd4 13. Nd2 c6 14. h3 Be6 15. Nde4 Nd5 16. Bd2 Nxc3 17. bxc3 Nf5 18. Nc5 Qe7 19. Nxe6 Qxe6 20. Qa4 Nd6 21. Rab1 f5 22. c4 e4 23. Bb4 Rf7 24. Qa3 Be5 25. d4 Nxc4 26. Qc3 Bd6 27. d5+ Qe5 28. Qxc4 cxd5 29. Bxd6 Qxd6 30. Qd4+ Kg8 31. Rfd1 Rd8 32. Qxa7 Rdd7 33. e3 g5 34. Qd4 f4 35. Bxe4 fxg3 36. Bxd5 gxf2+ 37. Kf1 Qa6+ 38. Rd3 Kf8 39. Rbd1 g4 40. hxg4 Rg7 41. Kxf2 Rgf7+ 42. Kg2 Rg7 43. Rf1+ Ke8 44. Qe5+ Rde7 45. Qb8+ Kd7 46. Bxb7+ Qxd3 47. Bc8+ Ke8 48. Be6+ Qd8 49. Rf8+ Kxf8 50. Qxd8+ Re8 51. Qf6+ 1-0